Problemas
שמור ב:
| מחבר ראשי: | |
|---|---|
| פורמט: | ספר |
| שפה: | ספרדית |
| יצא לאור: |
Barcelona
Gedisa
2002
|
| מהדורה: | 1a. ed |
| סדרה: | Serie CLA.DE.MA
Filosofía |
| נושאים: | |
| תגים: |
הוספת תג
אין תגיות, היה/י הראשונ/ה לתייג את הרשומה!
|
MARC
| LEADER | 00000nam a2200000 a 4500 | ||
|---|---|---|---|
| 001 | UCK4419 | ||
| 003 | CL-VaPUC | ||
| 008 | 050603e20020100SP |||||||||||||||||spa|d | ||
| 020 | |a 8474328543 | ||
| 082 | 0 | 4 | |a 170 |b TUG |2 21 |
| 100 | 0 | |a Tugendhat, Ernst |e author |9 492948 | |
| 245 | 1 | 0 | |a Problemas |
| 250 | |a 1a. ed | ||
| 300 | |a 285 p | ||
| 942 | |c BK | ||
| 945 | |d 20050603 00:00:00 |a jcarroza | ||
| 260 | |a Barcelona |b Gedisa |c 2002 | ||
| 650 | 0 | |a Ética |9 255099 | |
| 650 | 0 | |a Moral |9 265913 | |
| 650 | 0 | |a Etica política |9 255799 | |
| 583 | |a last modification |c 20050603 00:00:00 |k Rodrigo Vera | ||
| 490 | 0 | |a Serie CLA.DE.MA | |
| 490 | 0 | |a Filosofía | |
| 999 | |c 313295 |d 313293 | ||
| 952 | |0 0 |1 0 |4 0 |6 170_000000000000000_TUG_2002 |7 0 |8 A |9 384552 |a BIBTEO |b BIBTEO |d 2019-11-22 |i 4135482 |o 170 TUG 2002 |p 4135482 |r 2025-01-17 |w 2019-11-22 |y BK |k ICR | ||